| 000 | 00739nam a2200217 a 4500 | ||
|---|---|---|---|
| 001 | 000035146 | ||
| 005 | 20200930074132.0 | ||
| 008 | 111025s1967 sp r 000 0 spa d | ||
| 040 |
_aDO-SdBNP _bspa _cBNPHU |
||
| 082 |
_axxxx _bxxxx |
||
| 100 | 1 |
_aGreene, Graham, _d1904-1991 _911990 |
|
| 240 | 1 | 0 |
_aThe quiet american : _aA gun for sale _lEspañol |
| 245 | 1 | 3 |
_aEl americano impasible / _cGraham Greene ; traducción J. R. Wielcock, Francisco Baldiz. |
| 260 |
_aBarcelona : _bPlaza & Janes, _c1967. |
||
| 300 |
_a313 p. ; _c18 cm. |
||
| 490 | 1 | _aClásicos del Siglo XX | |
| 590 | _aInventariado, 2019/BT | ||
| 700 | 1 |
_aWielcock, J. R., _etr. _911994 |
|
| 700 | 1 |
_aBaldiz, Francisco, _etr. _960852 |
|
| 830 | 0 |
_aClásicos del Siglo XX _939438 |
|
| 999 |
_c34637 _d34637 |
||